000 00630nam a2200205Ia 4500
003 OSt
005 20250204114810.0
008 210210b1971 xxu||||| |||| 00| 0 eng d
040 _cAL
041 _ahin
082 _aH891.3 RAJK
100 _aRAJESHVARAYYA (M)
_9197443
110 _bराजेश्वरय्या (एम)
_9197444
245 _aKannad ki pratinidhi kahaniyan:
_bकन्नड़ की प्रतिनिधि कहानियाँ
260 _aMadras
_bDakshin Bharat Hindi Prachar Sabha
_c1971
300 _a265
690 _aHindi Fiction
_9197445
906 _a029910
942 _2ddc
_cBK
999 _c81108
_d81108